Chuyển đến nội dung

Измерение давления: практическое пособие

Целью практического пособия является измерение давления с помощью различных приборов, а также изучение зависимости давления от температуры. Адресовано студентам физических специальностей....

Mô tả đầy đủ

Đã lưu trong:
Chi tiết về thư mục
Tác giả chính: Шершнев Е. Б.
Tác giả khác: Лукашевич С. А., Купо А. Н.
Định dạng: Книга
Ngôn ngữ:Russian
Được phát hành: Гомель ГГУ имени Ф. Скорины 2022
Những chủ đề:
Truy cập trực tuyến:https://e.lanbook.com/book/320954
https://e.lanbook.com/img/cover/book/320954.jpg
Các nhãn: Thêm thẻ
Không có thẻ, Là người đầu tiên thẻ bản ghi này!
LEADER 01553nam0a2200325 i 4500
001 320954
003 RuSpLAN
005 20240216150941.0
008 240216s2022 ru gs 000 0 rus
020 |a 978-985-577-821-0 
040 |a RuSpLAN 
041 0 |a rus 
044 |a ru 
080 |a 531.787(076) 
084 |a 31.323я73  |2 rubbk 
245 0 0 |a Измерение давления: практическое пособие  |c Шершнев Е. Б.,Лукашевич С. А.,Купо А. Н. 
260 |a Гомель  |b ГГУ имени Ф. Скорины  |c 2022 
300 |a 39 с. 
504 |a Библиогр.: доступна в карточке книги, на сайте ЭБС Лань 
520 8 |a Целью практического пособия является измерение давления с помощью различных приборов, а также изучение зависимости давления от температуры. Адресовано студентам физических специальностей. 
521 8 |a Книга из коллекции ГГУ имени Ф. Скорины - Физика 
521 8 |a СЭБ 
653 0 |a барометр 
653 0 |a атмосферное давление 
100 1 |a Шершнев Е. Б. 
700 1 |a Лукашевич С. А. 
700 1 |a Купо А. Н. 
856 4 |u https://e.lanbook.com/book/320954 
856 4 8 |u https://e.lanbook.com/img/cover/book/320954.jpg 
953 |a https://e.lanbook.com/img/cover/book/320954.jpg